Statistics for Translations of Joseph

Click here to take the quiz!

General Stats

  • This quiz has been taken 32 times
  • The average score is 3 of 10

Answer Stats

HintAnswer% Correct
SpanishJosé
100%
DanishJosef
72%
ItalianGiuseppe
55%
PolishJózef
21%
GreekIōséph
17%
RussianIosif
10%
DutchJosephus
7%
IrishSeóirse
0%
ScotsSeòsaidh
0%
WelshSiôr
0%

Score Distribution

Percentile by Number Answered

Percent of People with Each Score

Your Score History

You have not taken this quiz